Normal view
MARC view
- Khan, Familia
Entry Nombre Personal
001 - NUMERO DE CONTROL
- campo de control: 21229
003 - IDENTIFICADOR DE NUMERO DE CONTROL
- campo de control: UPN
005 - FECHA Y HORA DE LA ÜLTIMA TRANSACCIÓN
- campo de control: 20220606151028.0
008 - DATOS DE LONGITUD FIJA
- campo de control de longitud fija: 220606nn acnnnaabn a a|a |d
035 ## - NUMERO DE CONTROL
- Número de control: UPN10000021238
040 ## - FUENTE DE CATALOGACIÓN
- Lenguaje de catalogación: SPA
- Agencia de transcripción: UPN
- Agencia original de catalogación: MX-MxUPN
100 3# - ENCABEZAMIENTO - NOMBRE PERSONAL
- Nombre personal: Khan, Familia
670 ## - FUENTE EN LA QUE SE LOCALIZARON DATOS
- Cita de la fuente: LC
- Información localizada: Khan family
902 ## - CATALOGADOR
- Catalogador: MCM/111012
